GASTROINTESTINAL BLEEDING (Record no. 18220)

MARC details
000 -LEADER
fixed length control field 00295nam a22001337a 4500
003 - CONTROL NUMBER IDENTIFIER
control field SGT
020 ## - INTERNATIONAL STANDARD BOOK NUMBER
International Standard Book Number 978-81-85457-74-3
082 ## - DEWEY DECIMAL CLASSIFICATION NUMBER
Classification number 616.024
Item number G96K
100 ## - MAIN ENTRY--PERSONAL NAME
Personal name KRASNER, NEVILLE
245 ## - TITLE STATEMENT
Title GASTROINTESTINAL BLEEDING
260 ## - PUBLICATION, DISTRIBUTION, ETC. (IMPRINT)
Place of publication, distribution, etc LONDON
Name of publisher, distributor, etc BMJ PUB
Year of Publication 1996
300 ## - PAGE DESCRIPTION
No. of Pages 352
942 ## - ADDED ENTRY ELEMENTS (KOHA)
Source of classification or shelving scheme Dewey Decimal Classification
Koha item type Books
Holdings
Withdrawn status Lost status Source of classification or shelving scheme Damaged status Not for loan Collection code Home library Current library Shelving location Date acquired SGTU Total Checkouts Full call number Accession No. (Barcode) Date last seen Bill Date Koha item type
    Dewey Decimal Classification   Not For Loan MEDICAL SGT Medical Library SGT Medical Library Reference Book 08/06/2019 SGTU   616.024 G96K FM11385 08/06/2019 08/06/2019 Books